The borrowers / (Record no. 7175)

MARC details
000 -LEADER
fixed length control field 00914nam a22002897a 4500
001 - CONTROL NUMBER
control field 7175
003 - CONTROL NUMBER IDENTIFIER
control field FISKH
005 - DATE AND TIME OF LATEST TRANSACTION
control field 20250701133528.0
008 - FIXED-LENGTH DATA ELEMENTS--GENERAL INFORMATION
fixed length control field 250701b cb ||||| |||| 00| 0 eng d
020 ## - INTERNATIONAL STANDARD BOOK NUMBER
International Standard Book Number 9780140364514
040 ## - CATALOGING SOURCE
Original cataloging agency FISKH
Language of cataloging eng
Transcribing agency FISKH
Modifying agency FISKH
050 ## - LIBRARY OF CONGRESS CALL NUMBER
Classification number PZ7.N8248 B
082 ## - DEWEY DECIMAL CLASSIFICATION NUMBER
Classification number 823.914
100 ## - MAIN ENTRY--PERSONAL NAME
Personal name Norton, Mary
Dates associated with a name (1903–1992)
245 ## - TITLE STATEMENT
Title The borrowers /
Statement of responsibility, etc. Mary Norton ; Illustrated by Sian Bailey
250 ## - EDITION STATEMENT
Edition statement This edition first published in 1952
260 ## - PUBLICATION, DISTRIBUTION, ETC.
Place of publication, distribution, etc. London :
Name of publisher, distributor, etc. Puffin,
Date of publication, distribution, etc. 1952
300 ## - PHYSICAL DESCRIPTION
Extent 241 pages :
Dimensions 20 cm
505 ## - FORMATTED CONTENTS NOTE
Formatted contents note R<br/>
520 ## - SUMMARY, ETC.
Summary, etc. Miniature people who live in an old country house by borrowing things from the humans are forced to emigrate from their home under the clock.<br/>
521 8# - TARGET AUDIENCE NOTE
Target audience note 780<br/>
Source Lexile<br/>
521 8# - TARGET AUDIENCE NOTE
Target audience note R<br/>
Source Raz-Plus<br/>
650 ## - SUBJECT ADDED ENTRY--TOPICAL TERM
Source of heading or term Carnegie Medal
Topical term or geographic name entry element Fantasy
650 ## - SUBJECT ADDED ENTRY--TOPICAL TERM
Source of heading or term Borrowers
Topical term or geographic name entry element Little people
942 ## - ADDED ENTRY ELEMENTS (KOHA)
Source of classification or shelving scheme Dewey Decimal Classification
Koha item type Books
Suppress in OPAC No
Holdings
Withdrawn status Lost status Source of classification or shelving scheme Damaged status Not for loan Collection Home library Current library Shelving location Date acquired Total Checkouts Full call number Barcode Date last seen Date last checked out Copy number Price effective from Koha item type
    Dewey Decimal Classification     Juvenile Fiction Footprints International School Library Network Toul Tom Poung Campus Footprints International School Library Network Toul Tom Poung Campus TTP Primary Orange Bookshelves 07/01/2025 1 NOR 823.914 PZ7.N8248 B 2025-1712 09/30/2025 07/15/2025 1 07/01/2025 Books